Tres Ríos: construcción y promoción humana /
Trata sobre el alto costo de la vivienda, el cual afecta, especialmente, a los sectores de escasos recursos económicos. Debido a ello poblaciones, como Tres Ríos, han debido organizarse por sí solas o por medio de líderes comunales para luchar por una vivienda digna. Aparte de que deben superar su p...
Guardat en:
| Autor principal: | |
|---|---|
| Altres autors: | |
| Format: | Text |
| Matèries: | |
| Etiquetes: |
Afegir etiqueta
Sense etiquetes, Sigues el primer a etiquetar aquest registre!
|
MARC
| LEADER | 00000 a a2200000 04500 | ||
|---|---|---|---|
| 001 | 1732 | ||
| 003 | |||
| 040 | |||
| 100 | |a Cabrera, Enrique | ||
| 245 | |a Tres Ríos: construcción y promoción humana / |c Enrique Cabrera ; Ovidio Sánchez | ||
| 520 | |a Trata sobre el alto costo de la vivienda, el cual afecta, especialmente, a los sectores de escasos recursos económicos. Debido a ello poblaciones, como Tres Ríos, han debido organizarse por sí solas o por medio de líderes comunales para luchar por una vivienda digna. Aparte de que deben superar su propia situación , deben de luchar contra las políticas burocráticas del Instituto Mixto de Ayuda Social (IMAS) y del Instituto de Vivienda y Urbanismo (INVU). La comunidad de Tres Ríos se organizó en una Asociación Pro-Construcción de Vivienda buscando darle una rápida solución a ese grave problema. OB/eb | ||
| 650 | |a VIVIENDA | ||
| 650 | |a INSTITUTO MIXTO DE AYUDA SOCIAL, CR | ||
| 650 | |a DESEMPLEO | ||
| 650 | |a CONDICIONES SOCIALES | ||
| 650 | |a CONDICIONES DE VIDA | ||
| 650 | |a URBANIZACION | ||
| 650 | |a MANO DE OBRA | ||
| 650 | |a PROBLEMAS SOCIALES | ||
| 650 | |a INFLACION | ||
| 650 | |a INSTITUTO NACIONAL DE VIVIENDA Y URBANISMO, CR | ||
| 700 | |a Sánchez, Ovidio | ||
| 773 | |g número 43; páginas 9-10 | ||
| 999 | |c 30966 |d 30966 | ||
